书目信息 |
| 题名: |
2011年MBA、MPA、MPAcc联考英语词汇专项突破
|
|
| 作者: | 薛冰 编著 | |
| 分册: | 英语二 | |
| 出版信息: | 北京 机械工业出版社 2010.08 |
|
| 页数: | 304页 | |
| 开本: | 24cm | |
| 丛书名: | 2011年MBA、MPA、MPAcc联考同步辅导教材 | |
| 单 册: | ||
| 中图分类: | H313 | |
| 科图分类: | ||
| 主题词: | 英语--ying yu--词汇--研究生--入学考试--自学参考资料 | |
| 电子资源: | ||
| ISBN: | 978-7-111-31514-8 | |
| 000 | 01365nam 2200301 450 | |
| 001 | B00000070626 | |
| 005 | 20110715084627.87 | |
| 010 | @a978-7-111-31514-8@dCNY39.00 | |
| 100 | @a20100906d2010 km y0chiy50 ea | |
| 101 | 0 | @achi@aeng |
| 102 | @aCN@b110000 | |
| 105 | @aa z 000yy | |
| 106 | @ar | |
| 200 | 1 | @a2011年MBA、MPA、MPAcc联考英语词汇专项突破@A2011 nianM BA M PA M PAcc lian kao ying yu ci hui zhuan xiang tu po@i英语二@f薛冰编著 |
| 210 | @a北京@c机械工业出版社@d2010.08 | |
| 215 | @a304页@d24cm@e手册1册 (125页, 14cm) | |
| 225 | 2 | @a2011年MBA、MPA、MPAcc联考同步辅导教材@A2011 nianM BA M PA M PAcc lian kao tong bu fu dao jiao cai |
| 330 | @a本书严格按照最新《MBA联考考试大纲》编写而成,全面覆盖大纲中要求的所有词汇。作者根据MBA联考英语历年真题并结合长期MBA辅导经验,对大纲词汇做出了科学的整理,剔除最简单的基础词汇,将最核心的近3000个词汇以字母顺序展现给考生,力求突出重点,强化记忆。 | |
| 333 | @a适用于参加2011年MBA、MPA、MPAcc联考的考生 | |
| 410 | 0 | @12001 @a2011年MBA、MPA、MPAcc联考同步辅导教材 |
| 517 | 1 | @aMBA、MPA、MPAcc联考英语词汇专项突破@AMBA M PA M PAcc lian kao ying yu ci hui zhuan xiang tu po |
| 517 | 1 | @a英语二@Aying yu er |
| 586 | @a | |
| 606 | 0 | @a英语@Aying yu@x词汇@x研究生@x入学考试@j自学参考资料 |
| 690 | @aH313@v5 | |
| 701 | 0 | @a薛冰@Axue bing@4编著 |
| 801 | 0 | @aCN@c20110610 |
| 905 | @dH313@eX941@f3 | |
| 2011年MBA、MPA、MPAcc联考英语词汇专项突破.英语二/薛冰编著.-北京:机械工业出版社,2010.08 |
| 304页;24cm+手册1册 (125页, 14cm).-(2011年MBA、MPA、MPAcc联考同步辅导教材) |
| 使用对象:适用于参加2011年MBA、MPA、MPAcc联考的考生 |
| ISBN 978-7-111-31514-8:CNY39.00 |
| 本书严格按照最新《MBA联考考试大纲》编写而成,全面覆盖大纲中要求的所有词汇。作者根据MBA联考英语历年真题并结合长期MBA辅导经验,对大纲词汇做出了科学的整理,剔除最简单的基础词汇,将最核心的近3000个词汇以字母顺序展现给考生,力求突出重点,强化记忆。 |
| ● |
| 相关链接 |
|
|
|
正题名:2011年MBA、MPA、MPAcc联考英语词汇专项突
索取号:H313/X941
 
预约/预借
| 序号 | 登录号 | 条形码 | 馆藏地/架位号 | 状态 | 备注 |
| 1 | 883887 | 208838873 | 语言库209/209语言库 104排6列6层/ [索取号:H313/X941] | 在馆 | |
| 2 | 883888 | 208838882 | 语言库209/ [索取号:H313/X941] | 在馆 | |
| 3 | 883889 | 208838891 | 语言库209/209语言库 104排6列6层/ [索取号:H313/X941] | 在馆 |